Legal case round-up (Record no. 70620)
[ view plain ]
| 000 -LEADER | |
|---|---|
| fixed length control field | 00975cam a2200181 4500 |
| 001 - CONTROL NUMBER | |
| control field | X118599 |
| 008 - FIXED-LENGTH DATA ELEMENTS--GENERAL INFORMATION | |
| fixed length control field | 020701n2002 000 0 eng u |
| 035 ## - SYSTEM CONTROL NUMBER | |
| System control number | (Sirsi) u118599 |
| 100 ## - MAIN ENTRY--PERSONAL NAME | |
| Personal name | Dutton, T |
| 245 ## - TITLE STATEMENT | |
| Title | Legal case round-up |
| 260 ## - PUBLICATION, DISTRIBUTION, ETC. | |
| Date of publication, distribution, etc. | 2002 |
| 490 ## - SERIES STATEMENT | |
| Series statement | Property Week |
| Volume/sequential designation | 67(16) 26 April 2002, 25-26(2) |
| 520 ## - SUMMARY, ETC. | |
| Summary, etc. | CA 22 February 2002. Reviews 'Dunnet v Railtrack PLC' [2002] Claimant had three horses killed when they strayed onto railway line, when gate leading from their field leading to accommodate crossing land was left open. Judge decided defendant should not be awarded costs, regardless of its success, because it had refused to participate in dispute resolution, due to defendants' confidence on winning case. Warned that rejection of dispute resolution on cost grounds was unwise approach. Claimant lost, and appeal was dismissed. |
| 650 ## - SUBJECT ADDED ENTRY--TOPICAL TERM | |
| Topical term or geographic name entry element | BENNET V RAILTRACK PLC |
| 690 ## - LOCAL SUBJECT ADDED ENTRY--TOPICAL TERM (OCLC, RLIN) | |
| Topical term or geographic name as entry element | Dispute resolution |
| 9 (RLIN) | 6236 |
| 700 ## - ADDED ENTRY--PERSONAL NAME | |
| Personal name | Walker, A. |
| 942 ## - ADDED ENTRY ELEMENTS (KOHA) | |
| Suppress in OPAC | 0 |
| Withdrawn status | Lost status | Source of classification or shelving scheme | Damaged status | Not for loan | Home library | Current library | Shelving location | Date acquired | Total Checkouts | Barcode | Date last seen | Copy number | Price effective from | Koha item type |
|---|---|---|---|---|---|---|---|---|---|---|---|---|---|---|
| Dewey Decimal Classification | London | London | Journal article | 01/07/2002 | 118599-1001 | 06/08/2019 | 1 | 06/08/2019 | Journal article |